[Event "Asian Juniors Chess Championship 2022"]
[Site "Knights Templar Hotel, Tagaytay City"]
[Date "2022.11.21"]
[Round "4"]
[Board "16"]
[White "Co, Ronell Jose"]
[Black "Sarmiento, Cyle"]
[Result "1-0"]
[WhiteElo "1072"]
[BlackElo "1258"]
[PlyCount "117"]
[EventDate "2022.11.19"]
[EventRounds "9"]
[EventCountry "ACF"]

1. e4 c5 2. Nf3 d6 3. d4 cxd4 4. Nxd4 g6 5. Nc3 Bg7 6. Be3 Nc6 7. Qd2 Nxd4 8. Bxd4
e5 9. Be3 Nf6 10. f3 O-O 11. O-O-O Be6 12. g4 a6 13. h4 h5 14. gxh5 Nxh5 15. Bh6
Re8 16. Bxg7 Kxg7 17. Kb1 Ng3 18. Rh2 Rh8 19. Qf2 Nxf1 20. Rxf1 Rh5 21. f4 exf4 22.
Qxf4 f5 23. Rg1 Qe7 24. Rhg2 Bf7 25. exf5 Rxf5 26. Qxf5 Qf6 27. Qxf6+ Kxf6 28. Rf2+
Kg7 29. h5 Rf8 30. hxg6 Bxa2+ 31. Kxa2 Rxf2 32. Kb3 b5 33. Rd1 Rf6 34. Ne4 Rxg6 35.
Rxd6 Rxd6 36. Nxd6 Kf6 37. Kb4 Ke6 38. Nxb5 axb5 39. Kxb5 Kd7 40. Kb6 Kc8 41. Kc6
Kb8 42. c4 Kc8 43. c5 Kd8 44. Kb7 Kd7 45. c6+ Kd8 46. c7+ Kd7 47. c8=Q+ Kd6 48. Qc6+
Ke5 49. Qd7 Kf6 50. Qe8 Kf5 51. Qe7 Kf4 52. Qe6 Kg5 53. Qf7 Kh6 54. Qg8 Kh5 55. Kc6
Kh4 56. Kd5 Kh3 57. Ke4 Kh4 58. Kf4 Kh3 59. Qg3#  1-0

[Event "Asian Juniors Chess Championship 2022"]
[Site "Knights Templar Hotel, Tagaytay City"]
[Date "2022.11.22"]
[Round "5"]
[Board "1"]
[White "Harshavardhan, G B"]
[Black "Neelash, Saha"]
[Result "1/2-1/2"]
[WhiteElo "2426"]
[BlackElo "2436"]
[PlyCount "75"]
[EventDate "2022.11.19"]
[EventRounds "9"]
[EventCountry "ACF"]

1. e4 e5 2. Nf3 Nf6 3. Nxe5 d6 4. Nf3 Nxe4 5. Nc3 Nxc3 6. dxc3 Be7 7. Be3 Nc6 8.
Qd2 Bf5 9. O-O-O Qd7 10. Kb1 O-O 11. h4 Rfe8 12. h5 h6 13. Nd4 Nxd4 14. Bxd4 Rad8
15. f3 Bg5 16. Qf2 Bf4 17. g3 Be5 18. g4 Bh7 19. g5 Bf4 20. g6 fxg6 21. Bc4+ d5 22.
Bf6 gxf6 23. Rxd5 Qxd5 24. Qd4 Kg7 25. Bxd5 g5 26. Qc4 c6 27. Be4 Bxe4 28. fxe4 Re5
29. Rf1 Rd2 30. a4 Rd7 31. Qe2 f5 32. Rxf4 gxf4 33. Qg2+ Kf8 34. Qg6 Rf7 35. Qxh6+
Ke7 36. Qg5+ Kd7 37. Qg6 Ke7 38. Qg5+  1/2-1/2

[Event "Asian Juniors Chess Championship 2022"]
[Site "Knights Templar Hotel, Tagaytay City"]
[Date "2022.11.22"]
[Round "5"]
[Board "2"]
[White "Gan-Erdene, Sugar"]
[Black "Utsab, Chatterjee"]
[Result "1/2-1/2"]
[WhiteElo "2419"]
[BlackElo "2349"]
[PlyCount "87"]
[EventDate "2022.11.19"]
[EventRounds "9"]
[EventCountry "ACF"]

1. d4 d5 2. c4 e6 3. Nf3 Nf6 4. g3 Be7 5. Bg2 O-O 6. O-O dxc4 7. Qa4 a6 8. Qxc4 b5
9. Qc2 Bb7 10. Bd2 Ra7 11. Rc1 Be4 12. Qb3 Nc6 13. e3 Qa8 14. Qd1 b4 15. Qf1 h6 16.
Be1 Rc8 17. Nbd2 Bd5 18. Rc2 Nb8 19. Ne5 c5 20. Rac1 Rac7 21. Nd3 Qa7 22. dxc5 Bxc5
23. Bxd5 Nxd5 24. Qe2 Be7 25. Nb3 a5 26. Nd4 Qb6 27. Rxc7 Rxc7 28. Rxc7 Qxc7 29.
Qc2 Qxc2 30. Nxc2 Nc6 31. e4 Nf6 32. f3 Nd7 33. Kf1 Kf8 34. Ke2 Ke8 35. Bf2 Kd8 36.
Nd4 Kc7 37. b3 h5 38. f4 g6 39. Nb5+ Kb7 40. h3 Ka6 41. Nc7+ Kb7 42. Nb5 Ka6 43.
Nc7+ Kb7 44. Nb5  1/2-1/2

[Event "Asian Juniors Chess Championship 2022"]
[Site "Knights Templar Hotel, Tagaytay City"]
[Date "2022.11.22"]
[Round "5"]
[Board "3"]
[White "Dziththauly, Ramadhan"]
[Black "Avinash, Ramesh"]
[Result "1/2-1/2"]
[WhiteElo "2194"]
[BlackElo "2338"]
[PlyCount "113"]
[EventDate "2022.11.19"]
[EventRounds "9"]
[EventCountry "ACF"]

1. d4 Nf6 2. c4 e6 3. Nc3 Bb4 4. Qc2 d5 5. cxd5 exd5 6. Bg5 h6 7. Bh4 g5 8. Bg3
Nc6 9. e3 h5 10. Bb5 h4 11. Be5 O-O 12. Bxf6 Qxf6 13. a3 Bf5 14. Bd3 Bxd3 15. Qxd3
Bxc3+ 16. Qxc3 Rfe8 17. Ne2 Ne7 18. Qxc7 Nf5 19. O-O h3 20. gxh3 Re7 21. Qa5 Qe6
22. Ng3 Nh4 23. Kh1 a6 24. f4 b6 25. f5 Nxf5 26. Qd2 Nxg3+ 27. hxg3 Qxh3+ 28. Qh2
Qg4 29. Rae1 Kg7 30. Qf2 Rh8+ 31. Kg1 Rh6 32. Qf3 Qxf3 33. Rxf3 Rf6 34. Rxf6 Kxf6
35. Kf2 Rc7 36. Kf3 Rc2 37. Rb1 Ke6 38. g4 f5 39. Kg3 Re2 40. Kf3 Rd2 41. Rh1 fxg4+
42. Kxg4 Rg2+ 43. Kf3 Rxb2 44. Kg4 Rg2+ 45. Kf3 Ra2 46. Kg4 Rxa3 47. Rh6+ Kd7 48.
Rxb6 a5 49. Ra6 Rxe3 50. Kxg5 Re4 51. Kf5 Kc7 52. Rxa5 Kc6 53. Ra4 Kb5 54. Ra8 Kc4
55. Ra4+ Kd3 56. Ra3+ Kxd4 57. Ra4+  1/2-1/2

[Event "Asian Juniors Chess Championship 2022"]
[Site "Knights Templar Hotel, Tagaytay City"]
[Date "2022.11.22"]
[Round "5"]
[Board "4"]
[White "Daluz, Christian Mark"]
[Black "Hakemi, Arman"]
[Result "1/2-1/2"]
[WhiteElo "2010"]
[BlackElo "2412"]
[PlyCount "98"]
[EventDate "2022.11.19"]
[EventRounds "9"]
[EventCountry "ACF"]

1. Nf3 d5 2. d4 Nf6 3. c3 e6 4. Bf4 Bd6 5. Bg3 O-O 6. e3 c5 7. Nbd2 Nc6 8. Bb5 Bxg3
9. hxg3 Qb6 10. Bxc6 bxc6 11. Qc2 Rb8 12. Rb1 cxd4 13. cxd4 Ba6 14. Ne5 Rfc8 15.
b4 Qb5 16. Qd1 Qb7 17. g4 Nd7 18. Nxd7 Qxd7 19. Qc2 h6 20. f4 e5 21. fxe5 Qxg4 22.
Nf3 c5 23. dxc5 Rxb4 24. Kf2 Rc4 25. Qd2 R4xc5 26. Rhc1 Qf5 27. Rxc5 Rxc5 28. Rc1
Rxc1 29. Qxc1 Bc4 30. Qb2 g5 31. Kg3 h5 32. Qb8+ Kg7 33. a3 g4 34. Nd4 Qg5 35. Qd6
h4+ 36. Kh2 Bd3 37. e6 g3+ 38. Kh3 Bf5+ 39. Nxf5+ Qxf5+ 40. Kxh4 Qe4+ 41. Qf4 Qxe6
42. Qd4+ Kg6 43. Qxa7 Qf6+ 44. Kxg3 Qg5+ 45. Kf2 Qh4+ 46. Kf1 Qh1+ 47. Kf2 Qh4+ 48.
Kf1 Qh1+ 49. Kf2 Qh4+  1/2-1/2

[Event "Asian Juniors Chess Championship 2022"]
[Site "Knights Templar Hotel, Tagaytay City"]
[Date "2022.11.22"]
[Round "5"]
[Board "5"]
[White "Dau, Khuong Duy"]
[Black "Concio, Michael Jr."]
[Result "1/2-1/2"]
[WhiteElo "1993"]
[BlackElo "2343"]
[PlyCount "53"]
[EventDate "2022.11.19"]
[EventRounds "9"]
[EventCountry "ACF"]

1. e4 e5 2. Nf3 Nc6 3. Bb5 Nf6 4. d3 d6 5. O-O Bd7 6. c3 g6 7. Re1 Bg7 8. d4 O-O
9. dxe5 Nxe5 10. Bxd7 Nfxd7 11. Be3 Qe7 12. Nbd2 Rae8 13. Bd4 Nd3 14. Bxg7 Kxg7 15.
Re3 Nf4 16. g3 Nh3+ 17. Kg2 Ng5 18. Nxg5 Qxg5 19. Nf3 Qb5 20. Qe2 Qxe2 21. Rxe2 Re7
22. Rae1 Rfe8 23. Nd2 Nc5 24. Re3 Nd7 25. f4 f5 26. Kf3 Nf6 27. R3e2  1/2-1/2

[Event "Asian Juniors Chess Championship 2022"]
[Site "Knights Templar Hotel, Tagaytay City"]
[Date "2022.11.22"]
[Round "5"]
[Board "6"]
[White "Sapenov, Daniyal"]
[Black "Tobing, Daniel Hermawan Lumban"]
[Result "1-0"]
[WhiteElo "2324"]
[BlackElo "2162"]
[PlyCount "163"]
[EventDate "2022.11.19"]
[EventRounds "9"]
[EventCountry "ACF"]

1. d4 Nf6 2. c4 g6 3. Nc3 Bg7 4. e4 d6 5. h3 O-O 6. Be3 c5 7. d5 e6 8. Bd3 exd5 9.
exd5 Na6 10. Nf3 Nc7 11. a4 Na6 12. Rc1 Nb4 13. Bb1 Bd7 14. O-O Qc8 15. Bf4 Rd8 16.
Nh4 Nh5 17. Bh2 Re8 18. Nf3 Bh6 19. Ne4 Qd8 20. Nxd6 Bxc1 21. Nxe8 Bf4 22. Bxf4 Nxf4
23. Qd2 Nxh3+ 24. gxh3 Qxe8 25. Re1 Qf8 26. Ng5 Re8 27. Ne4 f5 28. Nc3 Rxe1+ 29.
Qxe1 Qf6 30. Qe3 f4 31. Qf3 Qd4 32. b3 Kg7 33. Kg2 b6 34. Ne2 Qd1 35. Be4 Nc2 36.
Bxc2 Qxc2 37. Nxf4 Bf5 38. Kh2 Qd2 39. h4 Qe1 40. Qg3 Kf7 41. Ng2 Qe7 42. Ne3 Bd7
43. Qf4+ Kg7 44. Kg3 h5 45. Kg2 Kh7 46. Kf1 Qg7 47. Qg5 a6 48. Kg2 b5 49. axb5 axb5
50. Kg3 bxc4 51. bxc4 Bc8 52. Qf4 Qe7 53. Kg2 Kg7 54. Kf1 Kh7 55. Ke2 Bf5 56. Kd2
Bb1 57. Ke2 Bf5 58. Kf3 Bc8 59. Qe4 Qf7+ 60. Kg2 Qd7 61. Qe5 Qd8 62. Kg1 Bh3 63.
Qf4 Qe7 64. Qg3 Bc8 65. Kh2 Qf7 66. Kg2 Qe7 67. Kf3 Qf7+ 68. Qf4 Qe7 69. Kg3 Qd7
70. Qg5 Qd6+ 71. Kf3 Bd7 72. Ke4 Bh3 73. Qe5 Qd8 74. Qf4 Qe7+ 75. Kd3 Qb7 76. Qd6
Qb1+ 77. Ke2 Qb2+ 78. Kf3 Qd4 79. Kg3 Bg4 80. Qf4 Be2 81. Qxd4 cxd4 82. d6  1-0

[Event "Asian Juniors Chess Championship 2022"]
[Site "Knights Templar Hotel, Tagaytay City"]
[Date "2022.11.22"]
[Round "5"]
[Board "7"]
[White "Labog, Eric Jr."]
[Black "Raahul, V S"]
[Result "1-0"]
[WhiteElo "2138"]
[BlackElo "2311"]
[PlyCount "117"]
[EventDate "2022.11.19"]
[EventRounds "9"]
[EventCountry "ACF"]

1. Nf3 c5 2. g3 Nc6 3. d4 cxd4 4. Nxd4 g6 5. c4 Bg7 6. Nc2 Qa5+ 7. Qd2 Qc5 8. Ne3
Ne5 9. Na3 Nf6 10. Bg2 a5 11. b3 Nfg4 12. Rb1 d5 13. Nxg4 Nxg4 14. O-O Bf5 15. Qxd5
Qxd5 16. Bxd5 Bxb1 17. Bxb7 O-O 18. Nxb1 Rab8 19. Bc6 Ne5 20. Bb5 a4 21. b4 Rfc8
22. Bf4 g5 23. Bxe5 Bxe5 24. a3 Bb2 25. Rd1 e6 26. Kg2 Kg7 27. Rd3 Bc1 28. Kf3 h5
29. e3 Kg6 30. Ke2 g4 31. Kd1 Bb2 32. Ke2 Bc1 33. Rd6 h4 34. Rd1 Bb2 35. Rd2 Bc1
36. Ra2 hxg3 37. hxg3 Rh8 38. Bxa4 Rh1 39. Bd1 Rd8 40. Nc3 f5 41. a4 e5 42. a5 f4
43. exf4 exf4 44. gxf4 g3 45. fxg3 Rh2+ 46. Kf3 Rxa2 47. Nxa2 Rxd1 48. a6 Bb2 49.
b5 Bd4 50. Nb4 Rc1 51. Nc6 Bg1 52. Ne7+ Kf7 53. Nc8 Rc3+ 54. Kg4 Bf2 55. Nd6+ Ke6
56. Ne4 Rc2 57. Nxf2 Rxf2 58. a7 Ra2 59. b6  1-0

[Event "Asian Juniors Chess Championship 2022"]
[Site "Knights Templar Hotel, Tagaytay City"]
[Date "2022.11.22"]
[Round "5"]
[Board "8"]
[White "Carredo, Mar Aviel"]
[Black "Quizon, Daniel"]
[Result "0-1"]
[WhiteElo "1555"]
[BlackElo "2420"]
[PlyCount "68"]
[EventDate "2022.11.19"]
[EventRounds "9"]
[EventCountry "ACF"]

1. e4 c5 2. Nf3 d6 3. d4 cxd4 4. Nxd4 Nf6 5. Nc3 a6 6. Bg5 e6 7. f4 h6 8. Bh4 Nbd7
9. Qe2 Qc7 10. O-O-O Be7 11. Nf3 e5 12. g3 b5 13. Bh3 Nb6 14. Bxc8 Rxc8 15. fxe5
dxe5 16. Bxf6 Bxf6 17. Nd5 Nxd5 18. Rxd5 O-O 19. Rhd1 Rfd8 20. Rxd8+ Bxd8 21. Rd5
Bf6 22. Qd3 Qb6 23. Qe2 Qe6 24. Qd3 Qh3 25. a4 Qg2 26. c3 bxa4 27. Qe3 Rb8 28. Rd2
Qf1+ 29. Rd1 Qb5 30. Qd2 a3 31. b4 a5 32. Qd7 axb4 33. Qxb5 Rxb5 34. Rd5 Rxd5  0-1

[Event "Asian Juniors Chess Championship 2022"]
[Site "Knights Templar Hotel, Tagaytay City"]
[Date "2022.11.22"]
[Round "5"]
[Board "9"]
[White "Lacorte, Rafiel Irvin"]
[Black "Fernanda, Agus Saputra"]
[Result "0-1"]
[WhiteElo "1272"]
[BlackElo "2007"]
[PlyCount "66"]
[EventDate "2022.11.19"]
[EventRounds "9"]
[EventCountry "ACF"]

1. c4 Nf6 2. g3 e5 3. Bg2 g6 4. Nc3 Bg7 5. e3 d6 6. Nge2 O-O 7. O-O Re8 8. d3 c6
9. Re1 Nbd7 10. b3 h5 11. h4 Nc5 12. b4 Ne6 13. Bb2 Ng4 14. Qd2 f5 15. d4 f4 16.
exf4 exf4 17. Nxf4 Bh6 18. Nce2 Rf8 19. Qc2 Nxf4 20. Nxf4 Bf5 21. Qd2 Qf6 22. d5
Bxf4 23. gxf4 Qxh4 24. Qd4 Qh2+ 25. Kf1 Nf6 26. Re3 c5 27. bxc5 dxc5 28. Qe5 Rae8
29. Qd6 Rxe3 30. fxe3 Bd3+ 31. Ke1 Qxg2 32. Qe6+ Rf7 33. Qc8+ Kh7  0-1

[Event "Asian Juniors Chess Championship 2022"]
[Site "Knights Templar Hotel, Tagaytay City"]
[Date "2022.11.22"]
[Round "5"]
[Board "10"]
[White "Buto, Al-Basher"]
[Black "Paradero, Gabriel Ryan"]
[Result "1/2-1/2"]
[WhiteElo "1557"]
[BlackElo "1294"]
[PlyCount "97"]
[EventDate "2022.11.19"]
[EventRounds "9"]
[EventCountry "ACF"]

1. e4 g6 2. d4 Bg7 3. Nc3 d6 4. f3 Nf6 5. Bg5 O-O 6. Qd2 c5 7. Nge2 cxd4 8. Nxd4
d5 9. e5 Ne8 10. Bh6 Nc6 11. Bxg7 Nxg7 12. f4 Qb6 13. O-O-O Bg4 14. Be2 Bxe2 15.
Ndxe2 d4 16. Nxd4 Rfd8 17. Nce2 Rac8 18. Kb1 Ne6 19. c3 Na5 20. Qc2 Nc5 21. Ka1 Nc4
22. b4 Ne6 23. Qb3 Ne3 24. Rd3 Nf5 25. Rhd1 Nfxd4 26. cxd4 Nc7 27. d5 e6 28. d6 Nd5
29. a3 Qf2 30. Nc3 Nxc3 31. Rxc3 Qxf4 32. Rxc8 Rxc8 33. Qb2 Qe3 34. Ka2 Rd8 35. Qd4
Qxd4 36. Rxd4 f6 37. exf6 Kf7 38. Rc4 Rxd6 39. Rc7+ Kxf6 40. Rxh7 Rd2+ 41. Kb3 b5
42. Rxa7 Rxg2 43. Rh7 Rd2 44. a4 bxa4+ 45. Kxa4 e5 46. h4 e4 47. Rh8 e3 48. Re8 e2
49. Kb3  1/2-1/2

[Event "Asian Juniors Chess Championship 2022"]
[Site "Knights Templar Hotel, Tagaytay City"]
[Date "2022.11.22"]
[Round "5"]
[Board "11"]
[White "Santiaguel, Jerico M."]
[Black "Orozbaev, Eldiar"]
[Result "0-1"]
[WhiteElo "1646"]
[BlackElo "2324"]
[PlyCount "86"]
[EventDate "2022.11.19"]
[EventRounds "9"]
[EventCountry "ACF"]

1. d4 d5 2. c4 dxc4 3. e3 e5 4. Bxc4 Nc6 5. d5 Nce7 6. Nc3 Nf6 7. Nf3 Ng6 8. Qa4+
Nd7 9. e4 Bd6 10. Nb5 O-O 11. Nxd6 cxd6 12. Be3 Nb6 13. Qb4 f5 14. exf5 Bxf5 15.
O-O Kh8 16. Bb3 Bd3 17. Rfc1 Nf4 18. Bxf4 Rxf4 19. Qd2 Be4 20. Ne1 Bxd5 21. Bxd5
Rd4 22. Qe2 Rxd5 23. Rd1 Qe7 24. f4 Re8 25. Rxd5 Nxd5 26. fxe5 dxe5 27. Rd1 Nf6 28.
h3 e4 29. Qe3 Qe5 30. Qxa7 Qxb2 31. Qf2 Qa3 32. Rb1 Re7 33. Rb3 Qa5 34. Re3 h6 35.
Nd3 exd3 36. Rxe7 d2 37. Qd4 d1=Q+ 38. Qxd1 Qc5+ 39. Kh2 Qxe7 40. a4 Ne4 41. Qc2
Qe5+ 42. Kh1 Ng3+ 43. Kh2 Ne2+  0-1

[Event "Asian Juniors Chess Championship 2022"]
[Site "Knights Templar Hotel, Tagaytay City"]
[Date "2022.11.22"]
[Round "5"]
[Board "12"]
[White "Bacojo, Mark Jay"]
[Black "Limpangog, Aaron"]
[Result "1-0"]
[WhiteElo "1949"]
[BlackElo "1292"]
[PlyCount "59"]
[EventDate "2022.11.19"]
[EventRounds "9"]
[EventCountry "ACF"]

1. e4 e6 2. c4 d5 3. exd5 exd5 4. cxd5 Nf6 5. Nc3 Nxd5 6. Bc4 Nxc3 7. bxc3 Be7 8.
Nf3 O-O 9. O-O Nc6 10. d4 Bg4 11. Rb1 Bd6 12. Be2 b6 13. Bg5 Qd7 14. d5 Bxf3 15.
Bxf3 Qf5 16. Bh4 Ne5 17. Be2 Ng6 18. Bg3 Nf4 19. Bf3 Rfe8 20. c4 Re7 21. Qa4 Rae8
22. Rbd1 a5 23. c5 bxc5 24. Qxa5 g5 25. Qa4 g4 26. Bxf4 Bxf4 27. d6 cxd6 28. Rd5
Qd7 29. Qxf4 gxf3 30. Qg5+  1-0

[Event "Asian Juniors Chess Championship 2022"]
[Site "Knights Templar Hotel, Tagaytay City"]
[Date "2022.11.22"]
[Round "6"]
[Board "1"]
[White "Neelash, Saha"]
[Black "Gan-Erdene, Sugar"]
[Result "1/2-1/2"]
[WhiteElo "2436"]
[BlackElo "2419"]
[PlyCount "108"]
[EventDate "2022.11.19"]
[EventRounds "9"]
[EventCountry "ACF"]

1. e4 c5 2. Nf3 d6 3. d4 cxd4 4. Nxd4 Nf6 5. Nc3 Nc6 6. Bg5 e6 7. Qd3 Qb6 8. O-O-O
Qxd4 9. Qxd4 Nxd4 10. Rxd4 a6 11. Na4 Nd7 12. c4 b6 13. Be2 Bb7 14. f3 Bc6 15. Nc3
Nf6 16. Rd2 Be7 17. Bf4 Nh5 18. Be3 Rb8 19. g4 Nf6 20. Bf4 e5 21. Be3 Nd7 22. Nd5
Bd8 23. Kb1 Bb7 24. Bf2 Nc5 25. h4 O-O 26. Rhd1 g6 27. g5 Bxd5 28. cxd5 a5 29. Be3
f5 30. gxf6 Bxf6 31. Rh1 h5 32. Bd1 Kh7 33. a3 a4 34. Rg2 Be7 35. Rhg1 Rg8 36. f4
exf4 37. Bxf4 Rbf8 38. Be3 Bf6 39. e5 dxe5 40. Bc2 e4 41. Bxc5 bxc5 42. Bxe4 Bd4
43. Re1 Rf2 44. d6 Rxg2 45. Bxg2 Rb8 46. d7 Bf6 47. Re2 c4 48. Bc6 c3 49. Bxa4 Rxb2+
50. Rxb2 cxb2 51. Bc2 Bxh4 52. Kxb2 Kg7 53. a4 Bd8 54. Kb3 Kf6  1/2-1/2

[Event "Asian Juniors Chess Championship 2022"]
[Site "Knights Templar Hotel, Tagaytay City"]
[Date "2022.11.22"]
[Round "6"]
[Board "2"]
[White "Sapenov, Daniyal"]
[Black "Harshavardhan, G B"]
[Result "1/2-1/2"]
[WhiteElo "2324"]
[BlackElo "2426"]
[PlyCount "113"]
[EventDate "2022.11.19"]
[EventRounds "9"]
[EventCountry "ACF"]

1. d4 Nf6 2. c4 e6 3. Nf3 d5 4. g3 Bb4+ 5. Bd2 Be7 6. Bg2 O-O 7. O-O c6 8. Bf4 Nbd7
9. Qc2 b6 10. cxd5 cxd5 11. Ne5 Bb7 12. Nc6 Bxc6 13. Qxc6 Rc8 14. Qb5 Rc4 15. Rd1
Qc8 16. a3 a6 17. Qb3 b5 18. Nc3 Nb6 19. Rac1 Qb7 20. Nb1 Rfc8 21. Qd3 Rxc1 22. Rxc1
Nc4 23. Rc2 Qd7 24. Bc1 a5 25. Nd2 a4 26. Nf1 Ne8 27. h4 h5 28. Ne3 Ned6 29. Bf3
g6 30. Ng2 Nf5 31. Nf4 Rc7 32. Qd1 Qc8 33. e3 Ne5 34. Rxc7 Nxf3+ 35. Qxf3 Qxc7 36.
Qd1 Bd6 37. Ne2 Qc4 38. Bd2 Bf8 39. Nc3 Nd6 40. Be1 Be7 41. Kg2 Kg7 42. Kg1 Bd8 43.
Nb1 Qa2 44. Qc1 Qb3 45. Bb4 Nc4 46. Bc3 Ba5 47. Nd2 Qa2 48. Bxa5 Nxa5 49. Qc3 Nc4
50. Nxc4 Qxc4 51. Qd2 Qb3 52. Kg2 Kf6 53. Qe2 Qc4 54. Qd1 e5 55. Qf3+ Ke6 56. Qd1
Kd6 57. Qd2  1/2-1/2

[Event "Asian Juniors Chess Championship 2022"]
[Site "Knights Templar Hotel, Tagaytay City"]
[Date "2022.11.22"]
[Round "6"]
[Board "3"]
[White "Utsab, Chatterjee"]
[Black "Dziththauly, Ramadhan"]
[Result "1-0"]
[WhiteElo "2349"]
[BlackElo "2194"]
[PlyCount "55"]
[EventDate "2022.11.19"]
[EventRounds "9"]
[EventCountry "ACF"]

1. e4 c5 2. Nf3 d6 3. d4 cxd4 4. Nxd4 Nf6 5. Nc3 a6 6. h3 e5 7. Nde2 h5 8. g3 b5
9. Bg2 Bb7 10. Be3 Nbd7 11. Nd5 Nxd5 12. exd5 Be7 13. O-O O-O 14. b3 Re8 15. a4 Qc7
16. Qd2 Rec8 17. Rfc1 Nf6 18. c4 bxc4 19. bxc4 Nd7 20. c5 Nxc5 21. Bxc5 dxc5 22.
d6 Bxd6 23. Bxb7 Qxb7 24. Qxd6 h4 25. gxh4 Rc6 26. Rab1 Qc8 27. Qd5 Ra7 28. Qxe5
 1-0

[Event "Asian Juniors Chess Championship 2022"]
[Site "Knights Templar Hotel, Tagaytay City"]
[Date "2022.11.22"]
[Round "6"]
[Board "4"]
[White "Quizon, Daniel"]
[Black "Labog, Eric Jr."]
[Result "1/2-1/2"]
[WhiteElo "2420"]
[BlackElo "2138"]
[PlyCount "124"]
[EventDate "2022.11.19"]
[EventRounds "9"]
[EventCountry "ACF"]

1. d4 Nf6 2. c4 e6 3. Nf3 d5 4. g3 Be7 5. Bg2 O-O 6. Qc2 dxc4 7. Qxc4 a6 8. a4 Bd7
9. O-O Bc6 10. Bg5 Bd5 11. Qd3 Be4 12. Qd1 h6 13. Bxf6 Bxf6 14. Nc3 Bxf3 15. Bxf3
c6 16. e3 a5 17. Qb3 Qc7 18. Rac1 Na6 19. Ne4 Be7 20. Nd2 Nb4 21. Nc4 Rfd8 22. Rfd1
Bf6 23. Na3 Qe7 24. Nc2 Nxc2 25. Rxc2 Qb4 26. Qxb4 axb4 27. b3 Ra5 28. Kf1 Kf8 29.
Rc4 Be7 30. e4 c5 31. d5 exd5 32. exd5 Bd6 33. Re4 Re8 34. Rxe8+ Kxe8 35. Be2 Ke7
36. Bc4 Ra8 37. Re1+ Kf6 38. Re3 b6 39. Rf3+ Ke7 40. Ke2 Ra7 41. Kd3 Kd8 42. Kd2
Re7 43. Rd3 Re4 44. f3 Re5 45. Kd1 Re7 46. Rd2 Re3 47. f4 Re4 48. Ra2 Bc7 49. d6
Bxd6 50. Bxf7 Ke7 51. Bc4 Bc7 52. Bd3 Re6 53. Rf2 Bd8 54. Kd2 Kd6 55. Bc4 Re8 56.
Kd3 Bf6 57. Ra2 Bd4 58. Re2 Rxe2 59. Kxe2 g5 60. Kf3 gxf4 61. Kxf4 Bc3 62. h3 Bd2+
 1/2-1/2

[Event "Asian Juniors Chess Championship 2022"]
[Site "Knights Templar Hotel, Tagaytay City"]
[Date "2022.11.22"]
[Round "6"]
[Board "5"]
[White "Hakemi, Arman"]
[Black "Fernanda, Agus Saputra"]
[Result "1-0"]
[WhiteElo "2412"]
[BlackElo "2007"]
[PlyCount "97"]
[EventDate "2022.11.19"]
[EventRounds "9"]
[EventCountry "ACF"]

1. d4 Nf6 2. Nf3 e6 3. g3 d5 4. Bg2 Be7 5. O-O O-O 6. c4 dxc4 7. Qc2 a6 8. a4 Bd7
9. Qxc4 Bc6 10. Bg5 b5 11. Qc1 Qc8 12. Nbd2 bxa4 13. Qc2 Bb5 14. Ne4 Nbd7 15. Ne5
Rb8 16. Rfc1 h6 17. Bxf6 Bxf6 18. Nxf6+ gxf6 19. Nc6 Bxc6 20. Bxc6 Nb6 21. e3 Rd8
22. Ra3 Nd5 23. Bxa4 Rd6 24. Bb3 Qb7 25. Qc5 Kg7 26. Rc2 Nb4 27. Rd2 f5 28. Qe5+
f6 29. Qc5 Kg6 30. Qc4 Nd5 31. Qe2 Nb4 32. Bc4 Rbd8 33. h3 c5 34. g4 fxg4 35. e4
Kh7 36. Rg3 h5 37. hxg4 cxd4 38. e5 d3 39. Qe3 fxe5 40. Qxe5 Qg7 41. Qxh5+ Kg8 42.
Re3 Qf6 43. g5 Qf5 44. Rf3 Qh7 45. Qg4 Re8 46. Rf6 Nd5 47. Rxd3 Nxf6 48. gxf6+ Kh8
49. f7  1-0

[Event "Asian Juniors Chess Championship 2022"]
[Site "Knights Templar Hotel, Tagaytay City"]
[Date "2022.11.22"]
[Round "6"]
[Board "6"]
[White "Concio, Michael Jr."]
[Black "Daluz, Christian Mark"]
[Result "1/2-1/2"]
[WhiteElo "2343"]
[BlackElo "2010"]
[PlyCount "218"]
[EventDate "2022.11.19"]
[EventRounds "9"]
[EventCountry "ACF"]

1. g3 d5 2. Bg2 c6 3. Nf3 Nf6 4. O-O Bf5 5. d3 h6 6. c3 Nbd7 7. Nbd2 e6 8. b4 Be7
9. Bb2 O-O 10. a3 Bh7 11. Qb3 e5 12. c4 e4 13. dxe4 dxe4 14. Nd4 c5 15. Nc2 cxb4
16. axb4 a5 17. bxa5 Rxa5 18. Qc3 Rxa1 19. Rxa1 Bd6 20. Bxe4 Bxe4 21. Nxe4 Be5 22.
Nxf6+ Qxf6 23. Nd4 Nc5 24. e3 Ne4 25. Qc2 Ng5 26. h4 Nf3+ 27. Nxf3 Bxb2 28. Rb1 Qxf3
29. Qxb2 Rd8 30. Qc1 g5 31. hxg5 hxg5 32. Qf1 Rd2 33. Qg2 Qf5 34. Rc1 g4 35. Rf1
b6 36. Qc6 Qc5 37. Qe4 Qh5 38. Ra1 Kg7 39. Qf4 Rd7 40. Rb1 Rd2 41. Kg2 Qh3+ 42. Kg1
Qh5 43. Rf1 Rd7 44. Qe4 Rd2 45. Qb1 Rd6 46. Qa1+ Kh7 47. Qa8 Qf5 48. Kg2 Rh6 49.
Rd1 Qh5 50. Kf1 Qf5 51. Kg2 Qh5 52. Kf1 Qf5 53. Qd5 Qg6 54. Kg2 Rh5 55. Qb7 Kg7 56.
Rh1 Rxh1 57. Kxh1 Qc2 58. Qxb6 Qxc4 59. Kg1 Qe2 60. Qd4+ Kg6 61. Qd5 f5 62. Kg2 Kf6
63. Qd6+ Kg5 64. Qd4 Kg6 65. Qa1 Qf3+ 66. Kg1 Qe2 67. Qa8 Qe1+ 68. Kg2 Qe2 69. Qc6+
Kg5 70. Qe6 Qf3+ 71. Kg1 Qd1+ 72. Kh2 Qe2 73. Qg8+ Kf6 74. Qd8+ Kg6 75. Kg2 Qe1 76.
Qd6+ Kg5 77. Qe7+ Kg6 78. Qe6+ Kg5 79. Qf7 Qe2 80. Qg7+ Kh5 81. Qf6 Qf3+ 82. Kg1
Qd1+ 83. Kh2 Qf3 84. Qf7+ Kg5 85. Qe7+ Kh5 86. Qe8+ Kg5 87. Qd8+ Kh5 88. Kg1 Qe2
89. Qf6 Qd1+ 90. Kh2 Qf3 91. Qf7+ Kg5 92. Qe7+ Kh5 93. Qe8+ Kg5 94. Qd8+ Kh5 95.
Qd2 Qe4 96. Kg1 Qb1+ 97. Kg2 Kg6 98. Qd7 Qe1 99. Qc6+ Kg5 100. f4+ gxf3+ 101. Qxf3
Qd2+ 102. Kh3 Qe1 103. Qf4+ Kg6 104. Qf3 Kg5 105. Qf4+ Kg6 106. Kg2 Qd2+ 107. Qf2
Qd5+ 108. Kh2 Qd1 109. Qb2 Qe1  1/2-1/2

[Event "Asian Juniors Chess Championship 2022"]
[Site "Knights Templar Hotel, Tagaytay City"]
[Date "2022.11.22"]
[Round "6"]
[Board "7"]
[White "Avinash, Ramesh"]
[Black "Dau, Khuong Duy"]
[Result "1/2-1/2"]
[WhiteElo "2338"]
[BlackElo "1993"]
[PlyCount "82"]
[EventDate "2022.11.19"]
[EventRounds "9"]
[EventCountry "ACF"]

1. e4 c5 2. Nf3 d6 3. d4 cxd4 4. Qxd4 Nc6 5. Qe3 Nf6 6. Be2 e6 7. O-O Be7 8. c4 O-O
9. Rd1 Qc7 10. Nc3 a6 11. b3 Ng4 12. Qf4 Nge5 13. Bb2 Bf6 14. Qg3 Qe7 15. Rd2 Rd8
16. Rad1 Nxf3+ 17. gxf3 Bh4 18. Nd5 Qg5 19. Qxg5 Bxg5 20. Ne3 Be7 21. Ba3 Kf8 22.
Bxd6 Bxd6 23. Rxd6 Rxd6 24. Rxd6 Ke7 25. Rd2 g5 26. Kg2 Ne5 27. c5 Bd7 28. Nc4 Nxc4
29. Bxc4 Rc8 30. b4 a5 31. a3 axb4 32. axb4 b6 33. Ba6 Rb8 34. Rc2 bxc5 35. bxc5
Bc6 36. Rc3 Ra8 37. Bd3 Kf6 38. Rc1 Ke5 39. Kg3 Ra3 40. Be2 h5 41. h3 f5  1/2-1/2

[Event "Asian Juniors Chess Championship 2022"]
[Site "Knights Templar Hotel, Tagaytay City"]
[Date "2022.11.22"]
[Round "6"]
[Board "8"]
[White "Orozbaev, Eldiar"]
[Black "Paradero, Gabriel Ryan"]
[Result "1-0"]
[WhiteElo "2324"]
[BlackElo "1294"]
[PlyCount "57"]
[EventDate "2022.11.19"]
[EventRounds "9"]
[EventCountry "ACF"]

1. e4 d6 2. d4 Nf6 3. Nc3 g6 4. Bf4 Bg7 5. Qd2 O-O 6. O-O-O c6 7. f3 b5 8. Bh6 Nbd7
9. h4 Qa5 10. h5 b4 11. Nb1 Nxh5 12. Ne2 Ba6 13. Rh3 Bxh6 14. Qxh6 Ndf6 15. g4 Ng7
16. Ng3 Bxf1 17. Rxf1 Qb5 18. f4 Rfd8 19. e5 dxe5 20. fxe5 Nfh5 21. Re1 b3 22. axb3
Rxd4 23. gxh5 Qa5 24. Rhh1 Rad8 25. hxg6 fxg6 26. Qxh7+ Kf7 27. e6+ Kf6 28. Rhf1+
Nf5 29. Rxf5+  1-0